000 01198nam a22003617a 4500
003 CHAP
005 20220817044517.0
008 120308s2009 it r 00010 d
010 _a102924
011 _a103896
020 _a9789250062457
035 _a114585
040 _cCHAP
082 0 4 _a639.2
_bF46b v.893
110 2 _aFAO
245 1 0 _aReport of the nineteenth session of the Fishery Committee for the Eastern Central Atlantic /por FAO
260 _aRoma :
_bFAO,
_c2009
300 _av, 35 p.
490 0 _aFAO. Informe de pesca y acuicultura
_v; 893
500 _aCotonou, Benin, 4-6 November 2008
500 _aEdición bilingüe (inglés, francés)
590 _aBATCH-UPD
_b10
_c20130110
_lUCH01
_h1127
590 _aBATCH-UPD
_b10
_c20130410
_lUCH01
_h0654
590 _aBATCH-UPD
_b10
_c20130914
_lUCH01
_h1350
590 _aCONVERSION
_b10
_c20130109
_lUCH01
_h1357
650 1 4 _aPeces.
_986441
650 1 4 _aPesca
_xOcéano Atlántico.
_987430
650 1 4 _aRecursos marinos.
830 1 0 _aFAO. Informe de pesca y acuicultura
_v; 893
_939588
901 _aBK
942 _cLIBRO
949 _a639.2 F46b v.893
_bBC
_cFAO
_d33724002160983
_eFAO1
_gDonaciØn
_h118142
_i114585
_sb
999 _c102924
_d102924